000 00274nam a22001217a 4500
008 190204b xxu||||| |||| 00| 0 eng d
041 _aeng
080 _a371
100 _a25
101 _aEDU
245 _aThe Teaching of High School English
_cHook, J.N
942 _2udc
_cBK
999 _c53934
_d53934